000 00943nam0a22003131 4500
001 v19\rc\1788933
005 20250619075512.0
035 _a(NLR Aleph) 004880959
090 _a5169512
_c5169512
100 _a20061204d1905 |||y0rusy50 ca
101 0 _arus
102 _aRU
105 _ay z |||a|
200 1 _aДрузьям, товарищам, любителям стихов
_e[Стихотворения]
_fА.К. Васильев
210 _a[Санкт-Петербург]
_cтип. Спб. градоначальства
_d1905
215 _a91 с.
_d20
700 1 _aВасильев
_bА.К.
801 0 _aRU
_bNLR
_gpsbo
801 0 _aRU
_bRuMoRGB
_2psbo
801 1 _aRU
_bProSoft-M
_2rusmarc
852 _aNLR
_j34.83.5.1392
899 _aRuMoRGB
_jU 85/256
899 _aRuMoRGB
_jU 386/280
899 _aRuMoRGB
_jМК
899 _aБАН
899 _aНБ СПбГУ
899 _aГПИБ
942 _cBOOK
980 _aNB